Catalog

Record Details

Catalog Search



The Séance and Other Stories  Cover Image Book Book

The Séance and Other Stories / Isaac Bashevis Singer

Record details

  • Physical Description: 239 s.
  • Edition: Repr.
  • Publisher: Harmondsworth : Penguin Books, 1980

Available copies

  • 1 of 1 copy available at Common Catalog SPOK.

Holds

  • 0 current holds with 1 total copy.
Show Only Available Copies
Location Call Number / Copy Notes Barcode Shelving Location Status Due Date
The Jewish community of Prague K 569 4638303445 Stacks Available -

LDR 00478nam a22001691a 4500
00128926
003CZ-PrJAB
00520040215000000.0
008040215s1980 xxk eng
035 . ‡a(CZ PrSKC)gk71290221
040 . ‡aABA001 ‡bcze ‡cABA001 ‡dABA001
080 . ‡a830-088(73)-32(081)=2
1001 . ‡aSinger, Isaac Bashevis ‡4aut
24514. ‡aThe Séance and Other Stories / ‡cIsaac Bashevis Singer
250 . ‡aRepr.
260 . ‡aHarmondsworth : ‡bPenguin Books, ‡c1980
300 . ‡a239 s.
910 . ‡aABE461
995 . ‡aska
901 . ‡a28926 ‡b ‡c28926 ‡tbiblio ‡sSystem Local

Additional Resources